IP man3 (Record no. 167906)

MARC details
000 -LEADER
fixed length control field 00865ngm a2200217 i 4500
001 - CONTROL NUMBER
control field C2-0338542
003 - CONTROL NUMBER IDENTIFIER
control field PPAK
005 - DATE AND TIME OF LATEST TRANSACTION
control field 20180727222628.0
008 - FIXED-LENGTH DATA ELEMENTS--GENERAL INFORMATION
fixed length control field 161108s2016 -hk|||| ||||| | vlzxx d
040 ## - CATALOGING SOURCE
Original cataloging agency PPAK
Language of cataloging eng
Transcribing agency PPAK
Description conventions rda
245 10 - TITLE STATEMENT
Title IP man3
264 #1 - PRODUCTION, PUBLICATION, DISTRIBUTION, MANUFACTURE, AND COPYRIGHT NOTICE
Place of production, publication, distribution, manufacture Hong Kong, China; [Kuala Lumpur] :
Name of producer, publisher, distributor, manufacturer Dreams Salon; [Distributed in Malaysia by K & L Entertainment Sdn. Bhd.] ,
Date of production, publication, distribution, manufacture, or copyright notice 2016
336 ## - CONTENT TYPE
Source rdacontent
Content type term text
337 ## - MEDIA TYPE
Source rdamedia
Media type term unmediated
338 ## - CARRIER TYPE
Source rdacarrier
Carrier type term volume
500 ## - GENERAL NOTE
General note Summary : When a band of brutal gangsters led by a crooked property developer makes a play to take over the city, Master Ip is forced to take a stand. ; DVD, NTSC, all region; Dolby Digital 5.1; widescreen (2.35:1) ; In Chinese/Cantonese di
700 ## - ADDED ENTRY--PERSONAL NAME
Relator term author
Personal name Yip, Wilson,
Relator term compile
Personal name Cheung, Ka Fai,
Relator term editor
942 ## - ADDED ENTRY ELEMENTS (KOHA)
Source of classification or shelving scheme Dewey Decimal Classification
Koha item type Digital Video Disc
Holdings
Withdrawn status Lost status Source of classification or shelving scheme Damaged status Not for loan Home library Current library Shelving location Date acquired Source of acquisition Cost, normal purchase price Total Checkouts Full call number Barcode Date last seen Date last checked out Cost, replacement price Price effective from Koha item type
    Dewey Decimal Classification     Perpustakaan Alor Setar Perpustakaan Alor Setar Pinjaman Dewasa 14/11/2016 GI 21.50 3 791.4372 WON A01500084 24/07/2022 05/07/2022 21.50 05/07/2018 Digital Video Disc
    Dewey Decimal Classification     Perpustakaan Alor Setar Perpustakaan Alor Setar Pinjaman Dewasa 29/11/2017 GI 21.90 2 791.4372 WON A01547662 07/07/2019 17/06/2019 21.90 05/07/2018 Digital Video Disc